[Event "33. Open Barbera del Valles 2010"]
[Site "Barbera del Valles ESP"]
[Date "2010.07.04"]
[Round "1.1"]
[White "Fedorchuk, Sergey A"]
[Black "Aderito, Pedro"]
[Result "1-0"]
[WhiteElo "2665"]
[BlackElo "2333"]
[PlyCount "55"]
[EventDate "2010.07.04"]
[EventType "swiss"]
[EventRounds "9"]
[EventCountry "ESP"]
[Source "lmi"]
[SourceDate "2010.07.04"]

1. e4 c5 2. Nf3 d6 3. d4 cxd4 4. Nxd4 Nf6 5. Nc3 a6 6. h3 e5 7. Nde2 Be6 8. g4
Nbd7 9. Bg2 Rc8 10. O-O Be7 11. Ng3 Nb6 12. Re1 O-O 13. Nf5 Ne8 14. Nxe7+ Qxe7
15. a4 Qc7 16. Re3 Qc6 17. Rd3 Nd7 18. a5 f6 19. Be3 Rf7 20. Rd2 Nf8 21. Na4
Ng6 22. Nb6 Nh4 23. Nxc8 Bxc8 24. f3 h5 25. b3 g5 26. c4 hxg4 27. hxg4 Rh7 28.
Rc1 1-0

[Event "33. Open Barbera del Valles 2010"]
[Site "Barbera del Valles ESP"]
[Date "2010.07.04"]
[Round "1.2"]
[White "Vilela De Acuna, Jose Luis"]
[Black "Bruzon Batista, Lazaro"]
[Result "1/2-1/2"]
[WhiteElo "2329"]
[BlackElo "2653"]
[PlyCount "52"]
[EventDate "2010.07.04"]
[EventType "swiss"]
[EventRounds "9"]
[EventCountry "ESP"]
[Source "lmi"]
[SourceDate "2010.07.04"]

1. d4 Nf6 2. Nf3 g6 3. Bg5 Bg7 4. Nbd2 c5 5. Bxf6 Bxf6 6. Ne4 Bxd4 7. Nxd4 cxd4
8. Qxd4 O-O 9. c4 d6 10. Nc3 Nc6 11. Qd2 Be6 12. b3 Qa5 13. g3 Rfc8 14. Bg2
Rab8 15. Rc1 a6 16. Nd5 Bxd5 17. cxd5 Nb4 18. O-O Qa3 19. h4 a5 20. h5 Qxa2 21.
Qe3 Rxc1 22. Rxc1 Qb2 23. Rc7 Qa1+ 24. Kh2 Qf6 25. Rxe7 gxh5 26. Re4 h6 1/2-1/2

[Event "33. Open Barbera del Valles 2010"]
[Site "Barbera del Valles ESP"]
[Date "2010.07.04"]
[Round "1.4"]
[White "Gomez Jurado, Luis Alberto"]
[Black "Almeida Quintana, Omar"]
[Result "0-1"]
[WhiteElo "2287"]
[BlackElo "2559"]
[PlyCount "58"]
[EventDate "2010.07.04"]
[EventType "swiss"]
[EventRounds "9"]
[EventCountry "ESP"]
[Source "lmi"]
[SourceDate "2010.07.04"]

1. d4 g6 2. Nf3 Bg7 3. c4 d6 4. g3 Nf6 5. Bg2 O-O 6. O-O c6 7. Nc3 Qa5 8. e4 e5
9. h3 Nbd7 10. Re1 exd4 11. Nxd4 Ne5 12. Bf1 Be6 13. Nxe6 fxe6 14. Be3 Rad8 15.
f4 Nf7 16. Rb1 e5 17. b4 Qc7 18. Qb3 Bh6 19. b5 Nh5 20. Ne2 Nxg3 21. Nxg3 exf4
22. b6 Qe7 23. bxa7 fxe3 24. Qxb7 Qh4 25. Nh1 Ng5 26. Rxe3 Nf3+ 27. Rxf3 Rxf3
28. Rb3 Qg5+ 29. Kh2 Rxf1 0-1

[Event "33. Open Barbera del Valles 2010"]
[Site "Barbera del Valles ESP"]
[Date "2010.07.04"]
[Round "1.6"]
[White "Capellades Subirana, Marc"]
[Black "Cabrera, Alexis"]
[Result "1/2-1/2"]
[WhiteElo "2268"]
[BlackElo "2533"]
[PlyCount "103"]
[EventDate "2010.07.04"]
[EventType "swiss"]
[EventRounds "9"]
[EventCountry "ESP"]
[Source "lmi"]
[SourceDate "2010.07.04"]

1. e4 c5 2. Nf3 d6 3. d4 cxd4 4. Nxd4 Nf6 5. Nc3 g6 6. Be3 Bg7 7. f4 O-O 8. Be2
Nc6 9. Qd2 Nxd4 10. Bxd4 e5 11. Be3 exf4 12. Bxf4 Re8 13. O-O Nxe4 14. Nxe4
Rxe4 15. Bf3 Rd4 16. Qe3 Rb4 17. c3 Qb6 18. Rf2 Qxe3 19. Bxe3 Rb5 20. a4 Ra5
21. g4 Bd7 22. Bxb7 Re8 23. Bf4 Be5 24. h3 Rxa4 25. Rxa4 Bxa4 26. Bd5 Re7 27.
Bg5 Rc7 28. Be3 Kg7 29. Rf1 Bb5 30. Ra1 a6 31. Bb6 Rc8 32. Bf2 Bd3 33. Ba7 f5
34. gxf5 gxf5 35. Kf2 Kf6 36. Ke3 Bc4 37. Bxc4 Rxc4 38. Bb6 Ke6 39. Bd8 Kd7 40.
Bg5 h6 41. Kd3 Re4 42. Bxh6 Rh4 43. Bd2 Rxh3+ 44. Kc2 f4 45. Rxa6 Rh1 46. Ra8
Ke7 47. Kd3 Rb1 48. Ke4 Rf1 49. b4 Rf2 50. Kd3 f3 51. Ra1 d5 52. Be3 1/2-1/2

[Event "33. Open Barbera del Valles 2010"]
[Site "Barbera del Valles ESP"]
[Date "2010.07.04"]
[Round "1.7"]
[White "Gonzalez Vidal, Yuri"]
[Black "Tarrago Antoni, Maurici"]
[Result "1/2-1/2"]
[WhiteElo "2522"]
[BlackElo "2258"]
[PlyCount "27"]
[EventDate "2010.07.04"]
[EventType "swiss"]
[EventRounds "9"]
[EventCountry "ESP"]
[Source "lmi"]
[SourceDate "2010.07.04"]

1. d4 Nf6 2. c4 e6 3. g3 d5 4. Bg2 dxc4 5. Nf3 Nc6 6. Bg5 Rb8 7. Nc3 Be7 8. O-O
O-O 9. e3 b5 10. h4 Nb4 11. Qe2 Bb7 12. Rfd1 Ne4 13. Bxe7 Qxe7 14. Ne5 1/2-1/2

[Event "33. Open Barbera del Valles 2010"]
[Site "Barbera del Valles ESP"]
[Date "2010.07.04"]
[Round "1.9"]
[White "Oms Pallisse, Josep"]
[Black "Randazzo, Adrian"]
[Result "1-0"]
[WhiteElo "2494"]
[BlackElo "2243"]
[PlyCount "57"]
[EventDate "2010.07.04"]
[EventType "swiss"]
[EventRounds "9"]
[EventCountry "ESP"]
[Source "lmi"]
[SourceDate "2010.07.04"]

1. d4 d5 2. c4 dxc4 3. Nf3 Nf6 4. e3 Bg4 5. Bxc4 e6 6. h3 Bh5 7. Nc3 Nbd7 8.
O-O Bb4 9. Be2 O-O 10. Qb3 c5 11. dxc5 Qa5 12. Bd2 Nxc5 13. Qc4 Ncd7 14. a3
Bxc3 15. Bxc3 Qd5 16. Qh4 Qe4 17. Qg3 Bg6 18. Rfd1 Qa4 19. Rd4 Qc6 20. Rad1 Nd5
21. Rc4 Nxc3 22. Rxc3 Nc5 23. Qe5 Nd7 24. Qd4 Qb6 25. Qxd7 Rad8 26. Qe7 Rxd1+
27. Bxd1 Qxb2 28. Qb4 Qa1 29. Qd4 1-0

[Event "33. Open Barbera del Valles 2010"]
[Site "Barbera del Valles ESP"]
[Date "2010.07.04"]
[Round "1.10"]
[White "Cruz Lledo, Pablo"]
[Black "Munoz Pantoja, Miguel"]
[Result "1/2-1/2"]
[WhiteElo "2239"]
[BlackElo "2494"]
[PlyCount "104"]
[EventDate "2010.07.04"]
[EventType "swiss"]
[EventRounds "9"]
[EventCountry "ESP"]
[Source "lmi"]
[SourceDate "2010.07.04"]

1. d4 Nf6 2. c4 c5 3. d5 g6 4. Nc3 Bg7 5. e4 O-O 6. f3 d6 7. Nge2 e6 8. Ng3
exd5 9. cxd5 a6 10. a4 h5 11. Be2 Nbd7 12. O-O Rb8 13. Be3 Ne8 14. Qd2 Nc7 15.
Rab1 Qf6 16. Rfc1 h4 17. Nh1 b5 18. axb5 Nxb5 19. Nxb5 axb5 20. Nf2 Qd8 21. Bg5
Bf6 22. Bxf6 Qxf6 23. f4 Re8 24. Bf3 Nb6 25. b3 Bd7 26. Bg4 Qg7 27. Re1 c4 28.
Bxd7 Nxd7 29. Qb4 Qd4 30. Rbd1 Qc5 31. Qxc5 Nxc5 32. bxc4 bxc4 33. Rd4 Rb4 34.
e5 f6 35. Ng4 fxe5 36. fxe5 dxe5 37. Nxe5 Rxe5 38. Rxe5 Rb1+ 39. Kf2 Nd3+ 40.
Rxd3 cxd3 41. Re1 Rb5 42. Rd1 Rxd5 43. Ke3 Re5+ 44. Kf3 Rf5+ 45. Ke3 Kg7 46.
Rxd3 Kh6 47. Rd4 Kh5 48. g4+ hxg3 49. hxg3 Ra5 50. Rh4+ Kg5 51. Rb4 Rf5 52. Ke2
Rf6 1/2-1/2

[Event "33. Open Barbera del Valles 2010"]
[Site "Barbera del Valles ESP"]
[Date "2010.07.04"]
[Round "1.11"]
[White "Abreu Delgado, Aryam"]
[Black "Uribe Arteaga, Daniel"]
[Result "1-0"]
[WhiteElo "2474"]
[BlackElo "2233"]
[PlyCount "75"]
[EventDate "2010.07.04"]
[EventType "swiss"]
[EventRounds "9"]
[EventCountry "ESP"]
[Source "lmi"]
[SourceDate "2010.07.04"]

1. e4 c5 2. Nf3 d6 3. d4 cxd4 4. Nxd4 Nf6 5. Nc3 Nc6 6. h3 g6 7. Be3 Bg7 8. g4
O-O 9. Bg2 Bd7 10. Qd2 Ne5 11. b3 Rc8 12. Nd5 Nc6 13. O-O-O Nxd5 14. exd5 Nxd4
15. Bxd4 Bxd4 16. Qxd4 Qa5 17. Kb2 Bb5 18. Rd2 Rc7 19. Rc1 Rfc8 20. c3 Ba6 21.
h4 Qc5 22. Qf4 Qa5 23. Qe3 Qc5 24. Rd4 f6 25. h5 Bb5 26. hxg6 hxg6 27. g5 Kg7
28. b4 Qb6 29. Rh1 Rh8 30. gxf6+ exf6 31. Rxh8 Kxh8 32. Qh6+ Kg8 33. Bh3 f5 34.
Qxg6+ Rg7 35. Qe6+ Rf7 36. Bxf5 Kf8 37. Qh6+ Ke7 38. Qh4+ 1-0

[Event "33. Open Barbera del Valles 2010"]
[Site "Barbera del Valles ESP"]
[Date "2010.07.04"]
[Round "1.12"]
[White "Ortega Serra, Marc"]
[Black "Fluvia Poyatos, Jordi"]
[Result "0-1"]
[WhiteElo "2223"]
[BlackElo "2467"]
[PlyCount "111"]
[EventDate "2010.07.04"]
[EventType "swiss"]
[EventRounds "9"]
[EventCountry "ESP"]
[Source "lmi"]
[SourceDate "2010.07.04"]

1. d4 Nf6 2. c4 g6 3. Nc3 d5 4. Bf4 Bg7 5. Nf3 dxc4 6. e3 c5 7. dxc5 Qa5 8.
Bxc4 Qxc5 9. Qd4 Qxd4 10. exd4 a6 11. O-O O-O 12. Rfe1 e6 13. d5 exd5 14. Nxd5
Nxd5 15. Bxd5 Nc6 16. Bxc6 bxc6 17. Be5 Be6 18. Bxg7 Kxg7 19. b3 Bd5 20. Rac1
a5 21. Ne5 Rfe8 22. Nd7 a4 23. Nb6 axb3 24. Nxa8 b2 25. Nc7 Rxe1+ 26. Rxe1 Bxa2
27. Ne8+ Kh8 28. Nd6 Kg8 29. Nc8 Kg7 30. Ne7 c5 31. Nd5 b1=Q 32. Rxb1 Bxb1 33.
Kf1 Bd3+ 34. Ke1 Be4 35. Ne3 Kf6 36. Kd2 Ke5 37. Kc3 Bd5 38. Ng4+ Kf5 39. Ne3+
Ke4 40. Nd1 Ke5 41. f3 h5 42. Kd3 Be6 43. Nc3 g5 44. Ke3 f5 45. Kd3 Bd5 46. Na4
Kd6 47. Ke3 Bc6 48. Nb2 f4+ 49. Kd2 Bb5 50. Nd1 Ke5 51. Nf2 Bf1 52. g3 fxg3 53.
hxg3 h4 54. Ne4 Kd4 55. gxh4 gxh4 56. f4 0-1

[Event "33. Open Barbera del Valles 2010"]
[Site "Barbera del Valles ESP"]
[Date "2010.07.04"]
[Round "1.13"]
[White "Gongora Reyes, Maikel"]
[Black "Sanglas Clariana, Josep"]
[Result "1-0"]
[WhiteElo "2451"]
[BlackElo "2207"]
[PlyCount "55"]
[EventDate "2010.07.04"]
[EventType "swiss"]
[EventRounds "9"]
[EventCountry "ESP"]
[Source "lmi"]
[SourceDate "2010.07.04"]

1. d4 Nf6 2. c4 g6 3. Nc3 Bg7 4. e4 d6 5. Nge2 O-O 6. Ng3 c5 7. d5 e5 8. Be2 a6
9. a4 b6 10. h4 Ne8 11. h5 Ra7 12. Ra3 Re7 13. Rb3 Rb7 14. Bd3 a5 15. Nb5 Na6
16. Bb1 Nec7 17. Na3 Nb4 18. Rc3 Bd7 19. b3 Qe8 20. Bd2 f5 21. hxg6 hxg6 22.
exf5 e4 23. Re3 gxf5 24. Nh5 Be5 25. f4 Bd4 26. Rg3+ Kf7 27. Bxb4 axb4 28. Qxd4
1-0

[Event "33. Open Barbera del Valles 2010"]
[Site "Barbera del Valles ESP"]
[Date "2010.07.04"]
[Round "1.14"]
[White "Tallo Dominguez, Imar"]
[Black "Panelo, Marcelo"]
[Result "0-1"]
[WhiteElo "2204"]
[BlackElo "2450"]
[PlyCount "120"]
[EventDate "2010.07.04"]
[EventType "swiss"]
[EventRounds "9"]
[EventCountry "ESP"]
[Source "lmi"]
[SourceDate "2010.07.04"]

1. e4 c5 2. Nf3 d6 3. d4 cxd4 4. Qxd4 a6 5. Be3 Nc6 6. Qb6 Qxb6 7. Bxb6 g6 8.
Nc3 Bg7 9. Nd5 Kf8 10. O-O-O Nf6 11. Nxf6 Bxf6 12. Be2 Kg7 13. Nd4 Ne5 14. Nb3
Nd7 15. Be3 b6 16. g4 h6 17. h4 g5 18. hxg5 hxg5 19. Rxh8 Kxh8 20. Rh1+ Kg7 21.
Rh5 Bb7 22. Bxg5 Bxe4 23. f4 b5 24. Nd2 Bg6 25. Bxf6+ Nxf6 26. Rh3 e6 27. g5
Nd5 28. Bf3 Nxf4 29. Rh4 Rc8 30. Rxf4 Rxc2+ 31. Kd1 Rxb2 32. a4 d5 33. axb5
axb5 34. Kc1 Rc2+ 35. Kd1 Ra2 36. Rd4 Bf5 37. Bxd5 exd5 38. Rxd5 Bg4+ 39. Kc1
Be2 40. Re5 Bd3 41. Re3 Rc2+ 42. Kd1 Rc3 43. Re5 b4 44. Ne4 Rc8 45. Nc5 Bc4 46.
Kc2 Kg6 47. Kb2 Rc7 48. Ne4 Rc6 49. Nd2 Be6 50. Ne4 Ra6 51. Nc5 Ra2+ 52. Kb1
Ra5 53. Kb2 Bc4 54. Kb1 b3 55. Nd7 Ra2 56. Nc5 Rg2 57. Re4 Bd5 58. Rb4 Rxg5 59.
Nxb3 Bxb3 60. Rxb3 Rc5 0-1

[Event "33. Open Barbera del Valles 2010"]
[Site "Barbera del Valles ESP"]
[Date "2010.07.04"]
[Round "1.15"]
[White "Aloma Vidal, Robert"]
[Black "Nunez Lucero, Francisco"]
[Result "1-0"]
[WhiteElo "2445"]
[BlackElo "2178"]
[PlyCount "61"]
[EventDate "2010.07.04"]
[EventType "swiss"]
[EventRounds "9"]
[EventCountry "ESP"]
[Source "lmi"]
[SourceDate "2010.07.04"]

1. d4 e6 2. c4 f5 3. Nc3 Nf6 4. e3 d5 5. Bd3 c6 6. Nge2 Bd6 7. Qc2 Ne4 8. O-O
Qh4 9. g3 Qh3 10. cxd5 Nxc3 11. Nxc3 exd5 12. Nxd5 Be6 13. Nc3 O-O 14. f3 Nd7
15. Qg2 Qh5 16. b3 Rae8 17. Bb2 Qh6 18. Qf2 Nf6 19. Rae1 Bb4 20. a3 Bxc3 21.
Bxc3 Bxb3 22. Qb2 Be6 23. Qxb7 Nd5 24. Bd2 Rb8 25. Qxc6 Rfc8 26. Qd6 Rb6 27.
Qe5 Rb2 28. Rf2 Bf7 29. Qxf5 Re8 30. Bc4 g6 31. Qd3 1-0

[Event "33. Open Barbera del Valles 2010"]
[Site "Barbera del Valles ESP"]
[Date "2010.07.04"]
[Round "1.17"]
[White "Perez Mitjans, Orelvis"]
[Black "Subirats Ruiz, Sergi"]
[Result "1-0"]
[WhiteElo "2424"]
[BlackElo "2138"]
[PlyCount "61"]
[EventDate "2010.07.04"]
[EventType "swiss"]
[EventRounds "9"]
[EventCountry "ESP"]
[Source "lmi"]
[SourceDate "2010.07.04"]

1. e4 e5 2. d4 exd4 3. Qxd4 Nc6 4. Qe3 Nf6 5. Nc3 Bb4 6. Bd2 O-O 7. O-O-O Re8
8. Qg3 Rxe4 9. a3 Bd6 10. f4 Re8 11. Nf3 Bf8 12. h4 d6 13. Ng5 d5 14. Bd3 Nd4
15. Bxh7+ Nxh7 16. Qd3 Nf5 17. g4 c6 18. Rdg1 Bc5 19. Re1 Rxe1+ 20. Rxe1 Nxg5
21. hxg5 Nd6 22. f5 Bb6 23. Qh3 Ne8 24. g6 Nf6 25. Rh1 Kf8 26. Qh8+ Ng8 27. Rh7
Bd4 28. Bh6 Qf6 29. g5 Qe5 30. f6 Qe1+ 31. Nd1 1-0

[Event "33. Open Barbera del Valles 2010"]
[Site "Barbera del Valles ESP"]
[Date "2010.07.04"]
[Round "1.18"]
[White "Silva Rodriguez, Julio"]
[Black "Matnadze, Ana"]
[Result "0-1"]
[WhiteElo "2126"]
[BlackElo "2422"]
[PlyCount "158"]
[EventDate "2010.07.04"]
[EventType "swiss"]
[EventRounds "9"]
[EventCountry "ESP"]
[Source "lmi"]
[SourceDate "2010.07.04"]

1. e4 c5 2. Nf3 d6 3. d4 cxd4 4. Nxd4 Nf6 5. Nc3 Nc6 6. Bc4 Bd7 7. O-O g6 8.
Nb3 Bg7 9. Re1 O-O 10. Nd5 Rc8 11. Bf1 a6 12. c3 Ne5 13. a4 b5 14. axb5 axb5
15. Nd4 Nxd5 16. exd5 Rc5 17. Nb3 Rc7 18. Nd4 Rb7 19. h3 Qc8 20. Bg5 Re8 21.
Qd2 Qc5 22. Nb3 Qc7 23. Bh6 Bf6 24. Bg5 Bg7 25. Nd4 e6 26. dxe6 fxe6 27. Rad1
Nf7 28. Nc2 Nxg5 29. Qxg5 Rf8 30. Qe7 d5 31. Qg5 Qb6 32. Qe3 Qxe3 33. Rxe3 Ra8
34. Nb4 Rc7 35. Ree1 Kf7 36. Be2 Ra4 37. Bf3 Bf8 38. Nd3 Bd6 39. Ne5+ Bxe5 40.
Rxe5 b4 41. b3 Ra3 42. cxb4 Rxb3 43. Rd4 Rc1+ 44. Kh2 Kf6 45. Re3 Rxe3 46. fxe3
Rc3 47. e4 Rc4 48. Rd2 dxe4 49. Be2 Rc7 50. b5 Rb7 51. b6 Bc6 52. Rb2 Rb8 53.
Ba6 Ke5 54. b7 e3 55. Kg3 Kd4 56. Rb4+ Kc5 57. Rb3 e2 58. Re3 Bd5 59. Rxe2 Kb6
60. Bd3 Rxb7 61. Kf4 Kc6 62. Ke5 Rb3 63. Be4 Rc3 64. Kf6 Rg3 65. Ke5 Rc3 66.
Kf6 Kd6 67. Kg7 Rc7+ 68. Kf6 Rc4 69. Bxd5 exd5 70. Re6+ Kc5 71. Re7 Rf4+ 72.
Kg7 Rh4 73. Kf6 Rh5 74. Re3 d4 75. Ra3 Kb4 76. Ra7 d3 77. Rd7 Kc3 78. Rc7+ Kd4
79. Ke6 d2 0-1

[Event "33. Open Barbera del Valles 2010"]
[Site "Barbera del Valles ESP"]
[Date "2010.07.04"]
[Round "1.19"]
[White "Grafl, Florian"]
[Black "Do Santos Julio, Joao Manuel"]
[Result "1-0"]
[WhiteElo "2416"]
[BlackElo "2122"]
[PlyCount "69"]
[EventDate "2010.07.04"]
[EventType "swiss"]
[EventRounds "9"]
[EventCountry "ESP"]
[Source "lmi"]
[SourceDate "2010.07.04"]

1. e4 c5 2. Nc3 Nc6 3. Bb5 a6 4. Bxc6 dxc6 5. d3 g6 6. Be3 Qa5 7. Nge2 Bg7 8.
O-O Nf6 9. h3 O-O 10. f4 Nd7 11. f5 b5 12. a3 Qc7 13. Qd2 Re8 14. Rf2 b4 15.
Na4 Qa5 16. axb4 cxb4 17. Rff1 Qb5 18. Nd4 Qb7 19. Nb3 Qb5 20. Qf2 Rf8 21. Nb6
Nxb6 22. Ra5 Nc4 23. Rxb5 Nxe3 24. Rxb4 Nxf1 25. Kxf1 Bxb2 26. g4 Bc3 27. Rc4
Bf6 28. Nc5 Rd8 29. Qf4 e5 30. Qd2 Be7 31. Qa5 Rd4 32. Rxd4 exd4 33. Na4 Kf8
34. Qc7 c5 35. Nb6 1-0

[Event "33. Open Barbera del Valles 2010"]
[Site "Barbera del Valles ESP"]
[Date "2010.07.04"]
[Round "1.20"]
[White "Silva Rodriguez, Fernando"]
[Black "Lorenzo De La Riva, Lazaro"]
[Result "0-1"]
[WhiteElo "2115"]
[BlackElo "2407"]
[PlyCount "56"]
[EventDate "2010.07.04"]
[EventType "swiss"]
[EventRounds "9"]
[EventCountry "ESP"]
[Source "lmi"]
[SourceDate "2010.07.04"]

1. d4 g6 2. c4 Bg7 3. e4 d6 4. Nc3 Nc6 5. Be3 e5 6. d5 Nce7 7. g4 f5 8. gxf5
gxf5 9. Qh5+ Kf8 10. exf5 Nf6 11. Qf3 Bxf5 12. Bh3 Qd7 13. Bg5 Bxh3 14. Nxh3
Qf5 15. Qxf5 Nxf5 16. O-O-O Kf7 17. f4 Ng4 18. fxe5 Bxe5 19. Rdf1 Kg6 20. Rhg1
h5 21. Bf4 Bd4 22. Nf2 Kh7 23. Nce4 Nxf2 24. Rxf2 Rhf8 25. Ng5+ Kh8 26. Rff1
Bxg1 27. Rxg1 Nd4 28. Rf1 Rxf4 0-1

[Event "33. Open Barbera del Valles 2010"]
[Site "Barbera del Valles ESP"]
[Date "2010.07.04"]
[Round "1.21"]
[White "Vehi Bach, Victor Manuel"]
[Black "Sayrol Clols, Jose M"]
[Result "1-0"]
[WhiteElo "2405"]
[BlackElo "2099"]
[PlyCount "37"]
[EventDate "2010.07.04"]
[EventType "swiss"]
[EventRounds "9"]
[EventCountry "ESP"]
[Source "lmi"]
[SourceDate "2010.07.04"]

1. e4 c5 2. Nf3 Nc6 3. d4 cxd4 4. Nxd4 Nf6 5. Nc3 e5 6. Ndb5 d6 7. Bg5 a6 8.
Na3 b5 9. Bxf6 Qxf6 10. Nd5 Qd8 11. c4 Qa5+ 12. Qd2 b4 13. Nc2 Rb8 14. b3 Be6
15. Be2 Be7 16. O-O Bd8 17. a3 bxa3 18. b4 Nxb4 19. Ndxb4 1-0

[Event "33. Open Barbera del Valles 2010"]
[Site "Barbera del Valles ESP"]
[Date "2010.07.04"]
[Round "1.22"]
[White "Costa Trave, Jaume"]
[Black "Mihailovs, Jurijs"]
[Result "0-1"]
[WhiteElo "2084"]
[BlackElo "2405"]
[PlyCount "99"]
[EventDate "2010.07.04"]
[EventType "swiss"]
[EventRounds "9"]
[EventCountry "ESP"]
[Source "lmi"]
[SourceDate "2010.07.04"]

1. d4 c5 2. d5 Nf6 3. c4 b5 4. cxb5 a6 5. bxa6 g6 6. Nc3 Bxa6 7. g3 d6 8. Bg2
Nbd7 9. Nh3 Bg7 10. O-O O-O 11. Re1 Qa5 12. Bg5 Rfb8 13. Qc2 Nb6 14. Rac1 Nc4
15. b3 Na3 16. Qd2 Bc8 17. Bh6 Bh8 18. e4 Ng4 19. Bg5 Nb5 20. Nxb5 Qxd2 21.
Bxd2 Rxb5 22. Rc2 Bd4 23. Bf1 Rb6 24. Kg2 Ba6 25. Bxa6 Rbxa6 26. a4 Rb6 27. Rb1
Rxa4 28. bxa4 Rxb1 29. Ra2 Rb6 30. f3 Ne5 31. Ng1 Bxg1 32. Kxg1 Nxf3+ 33. Kf2
Nxd2 34. Rxd2 Ra6 35. Ra2 Ra5 36. Ke3 Kg7 37. h3 f5 38. exf5 gxf5 39. Kf4 Kf6
40. g4 fxg4 41. hxg4 h6 42. Ra3 e6 43. dxe6 Kxe6 44. g5 hxg5+ 45. Kxg5 Ke5 46.
Kg4 Ke4 47. Kg3 c4 48. Kf2 Kd4 49. Ke2 d5 50. Ra1 0-1

[Event "33. Open Barbera del Valles 2010"]
[Site "Barbera del Valles ESP"]
[Date "2010.07.04"]
[Round "1.23"]
[White "Mestre Bellido, Hector"]
[Black "Ridameya Tatche, Jose Miguel"]
[Result "1-0"]
[WhiteElo "2404"]
[BlackElo "2060"]
[PlyCount "129"]
[EventDate "2010.07.04"]
[EventType "swiss"]
[EventRounds "9"]
[EventCountry "ESP"]
[Source "lmi"]
[SourceDate "2010.07.04"]

1. e4 e5 2. Nf3 Nc6 3. Bc4 Nf6 4. d3 Be7 5. O-O O-O 6. a4 d5 7. exd5 Nxd5 8.
Re1 Bg4 9. h3 Bxf3 10. Qxf3 Nb6 11. Nc3 Nd4 12. Qd1 Nxc4 13. dxc4 Nc6 14. Nd5
Rc8 15. Bd2 Re8 16. Qg4 Bf6 17. Bc3 Qd6 18. f4 Qe6 19. Nxf6+ Qxf6 20. fxe5 Qe6
21. Qf4 Rcd8 22. Rad1 h6 23. b3 Rd7 24. Rd3 Ne7 25. Qe3 Nc6 26. Rxd7 Qxd7 27.
Qd3 Qe7 28. Qf5 Nd8 29. Qf2 b6 30. Rd1 Ne6 31. Rd5 Qg5 32. Kh2 Rd8 33. Qd2 Qxd2
34. Bxd2 Kf8 35. Rxd8+ Nxd8 36. Kg3 Ke7 37. Kf4 Ke6 38. c5 Kd5 39. cxb6 axb6
40. Bc3 Ne6+ 41. Kf5 Nc5 42. Bb2 Ne6 43. h4 h5 44. Ba1 Kc5 45. Ke4 Nd8 46. Bb2
Ne6 47. Ba3+ Kc6 48. c4 Kd7 49. b4 Kc6 50. Bc1 Kd7 51. Be3 Nd8 52. b5 Ne6 53.
c5 bxc5 54. Kd5 Kc8 55. g3 Kb7 56. Bxc5 Nd8 57. a5 Ne6 58. Be7 Ka7 59. Kc6 Nd4+
60. Kxc7 Nxb5+ 61. Kd7 Nc3 62. Ke8 Ne4 63. Kxf7 Nxg3 64. e6 Nf5 65. Bc5+ 1-0

[Event "33. Open Barbera del Valles 2010"]
[Site "Barbera del Valles ESP"]
[Date "2010.07.04"]
[Round "1.25"]
[White "Fenollar Jorda, Manuel"]
[Black "Martin Sanchez, Enric"]
[Result "1-0"]
[WhiteElo "2369"]
[BlackElo "2044"]
[PlyCount "57"]
[EventDate "2010.07.04"]
[EventType "swiss"]
[EventRounds "9"]
[EventCountry "ESP"]
[Source "lmi"]
[SourceDate "2010.07.04"]

1. d4 Nf6 2. Nf3 c5 3. c3 e6 4. e3 Nc6 5. Bd3 d5 6. Nbd2 e5 7. Nxe5 Nxe5 8.
dxe5 Ng4 9. Bb5+ Bd7 10. Bxd7+ Qxd7 11. Nf3 O-O-O 12. h3 Nh6 13. Qe2 g6 14. O-O
Bg7 15. e4 dxe4 16. Qxe4 Rhe8 17. Qc4 Qd5 18. Qa4 Re6 19. Bxh6 Bxh6 20. Rfd1
Ra6 21. Qg4+ Qe6 22. Qh4 Rxd1+ 23. Rxd1 g5 24. Nxg5 Qe7 25. Qg4+ Kc7 26. Ne4
Rxa2 27. Nxc5 Qxc5 28. Qd7+ Kb8 29. Qe8+ 1-0

[Event "33. Open Barbera del Valles 2010"]
[Site "Barbera del Valles ESP"]
[Date "2010.07.04"]
[Round "1.26"]
[White "Ezquerro Luque, Albert"]
[Black "Rahal, Michael A"]
[Result "0-1"]
[WhiteElo "1981"]
[BlackElo "2344"]
[PlyCount "164"]
[EventDate "2010.07.04"]
[EventType "swiss"]
[EventRounds "9"]
[EventCountry "ESP"]
[Source "lmi"]
[SourceDate "2010.07.04"]

1. e4 e6 2. d4 d5 3. Nc3 Bb4 4. exd5 exd5 5. Nge2 Ne7 6. a3 Ba5 7. g3 Bg4 8.
Bg2 Bxc3+ 9. bxc3 Nbc6 10. h3 Bf5 11. g4 Bg6 12. Nf4 Qd6 13. h4 h6 14. Nxg6
Qxg6 15. Bf4 O-O-O 16. Qd3 Qe6+ 17. Qe2 Qf6 18. Bg3 Rhe8 19. Kd2 Na5 20. Qb5
Nec6 21. Qd3 Kb8 22. Kc1 Qe7 23. Rd1 Qd7 24. Bf3 Nc4 25. Qf5 Re6 26. g5 h5 27.
Qf4 g6 28. Kb1 Ne7 29. a4 Qc6 30. Ra2 Nf5 31. Bh2 Ncd6 32. Ra3 Ne4 33. Bxe4
Rxe4 34. Qf3 Qc4 35. Be5 Re8 36. Qd3 Rxh4 37. Qxc4 dxc4 38. a5 Kc8 39. Ra4 c6
40. Rb4 Rg4 41. f4 Ne3 42. Re1 Nd5 43. Rxc4 Kd7 44. Kb2 Rxf4 45. Ra4 Rf5 46. c4
Nc7 47. Rb4 Kc8 48. Rb1 c5 49. Rb3 cxd4 50. Bxd4 Rxa5 51. Kc3 b6 52. c5 bxc5
53. Bg1 c4 54. Kxc4 Rxg5 55. Rb8+ Kd7 56. R8b7 Re2 57. c3 Rxg1 58. Rxg1 h4 59.
Kd3 Ra2 60. Rf1 f5 61. Rg1 Ra6 62. Rb4 Ne6 63. Rxh4 Ke7 64. Rh7+ Kf6 65. Rh6
Nf4+ 66. Ke3 Ra4 67. Kf3 Rc4 68. Ra1 Kg5 69. Rhh1 Rxc3+ 70. Kf2 Rc2+ 71. Kf3
Rc3+ 72. Kf2 Nh3+ 73. Ke2 Kg4 74. Rxa7 f4 75. Rg7 g5 76. Rh7 Ra3 77. Kd2 Ra2+
78. Kc3 Ra3+ 79. Kd2 Nf2 80. Rg1+ Kf3 81. Rh2 Ra2+ 82. Ke1 Ra1+ 0-1

[Event "33. Open Barbera del Valles 2010"]
[Site "Barbera del Valles ESP"]
[Date "2010.07.04"]
[Round "1.27"]
[White "Perpinya Rofes, Lluis Maria"]
[Black "Jareno Badenas, Aleix"]
[Result "1-0"]
[WhiteElo "2344"]
[BlackElo "1967"]
[PlyCount "63"]
[EventDate "2010.07.04"]
[EventType "swiss"]
[EventRounds "9"]
[EventCountry "ESP"]
[Source "lmi"]
[SourceDate "2010.07.04"]

1. e4 e6 2. d4 d5 3. Nc3 Nf6 4. e5 Nfd7 5. f4 c5 6. Nf3 Nc6 7. Be3 Rb8 8. Qd2
Qa5 9. a3 b5 10. Ra2 b4 11. axb4 Qxb4 12. Be2 Be7 13. O-O O-O 14. Rd1 c4 15. f5
f6 16. fxe6 Nb6 17. Bf4 fxe5 18. Bxe5 Rb7 19. Qe3 Nxe5 20. Nxe5 Rc7 21. Bf3
Bxe6 22. Ng6 Rf6 23. Nf4 Bf7 24. Bxd5 Rd7 25. Bxf7+ Kxf7 26. Ne4 Rh6 27. Rf1
Kg8 28. Qf3 Bf6 29. c3 Qe7 30. Ra5 Qe8 31. Rf5 Bd8 32. Ne6 1-0